Southville International School and Colleges
Your cart is empty.
  • Cart
  • Lists
    Public lists Eva Luna New books Lux_list list_1
    Your lists Log in to create your own lists
  • Log in to your account
  • Your cookies
  • Search history
Southville International School and Colleges
  • Advanced search
  • Recent comments
  • Most popular
  • Libraries

Log in to your account

Log in with GOOGLE


If you do not have an external account, but do have a local account, you can still log in:

  1. Home
  2. MARC view: Merriam-Webster's encyclopedia of literature /
Normal view MARC view ISBD view

Merriam-Webster's encyclopedia of literature / (Record no. 20706)

[ view plain ]
MARC details
000 -LEADER
fixed length control field 00537nam a2200181 a 4500
005 - DATE AND TIME OF LATEST TRANSACTION
control field 20140310183247.0
008 - FIXED-LENGTH DATA ELEMENTS--GENERAL INFORMATION
fixed length control field 040901s19uu xx 00 eng d
020 ## - INTERNATIONAL STANDARD BOOK NUMBER
International Standard Book Number 0877790426
050 ## - LIBRARY OF CONGRESS CALL NUMBER
Classification number PN 41
Item number .M42 1995
100 ## - MAIN ENTRY--PERSONAL NAME
Personal name Merriam-Webster
245 ## - TITLE STATEMENT
Title Merriam-Webster's encyclopedia of literature /
Statement of responsibility, etc Merriam-Webster.
260 ## - PUBLICATION, DISTRIBUTION, ETC. (IMPRINT)
Place of publication, distribution, etc Springfield, Mass :
Name of publisher, distributor, etc Merriam-Webster, Inc,
Date of publication, distribution, etc 1995.
300 ## - PHYSICAL DESCRIPTION
Extent 1236 p. :
Dimensions 28 cm.
650 ## - SUBJECT ADDED ENTRY--TOPICAL TERM
Topical term or geographic name as entry element Literature
General subdivision Dictionaries.
650 ## - SUBJECT ADDED ENTRY--TOPICAL TERM
Topical term or geographic name as entry element Merriam-Webster, Inc.
942 ## - ADDED ENTRY ELEMENTS (KOHA)
Koha item type Books
Source of classification or shelving scheme Library of Congress Classification
Holdings
Withdrawn status Lost status Source of classification or shelving scheme Damaged status Home library Current library Shelving location Date acquired Source of acquisition Cost, normal purchase price Total Checkouts Full call number Barcode Date last seen Copy number Price effective from Koha item type
    Library of Congress Classification   College Library College Library Reference Section 09/01/2004   2139.00   PN 41 .M42 1995 C5206 05/15/2018 1 11/14/2013 Books

Merriam-Webster's encyclopedia of literature /

APA

Merriam-Webster, . (1995). Merriam-Webster's encyclopedia of literature. Springfield, Mass: Merriam-Webster, Inc.

Chicago

Merriam-Webster, . 1995. Merriam-Webster's encyclopedia of literature. Springfield, Mass: Merriam-Webster, Inc.

Harvard

Merriam-Webster, . (1995). Merriam-Webster's encyclopedia of literature. Springfield, Mass: Merriam-Webster, Inc.

MLA

Merriam-Webster, . Merriam-Webster's encyclopedia of literature. Springfield, Mass: Merriam-Webster, Inc. 1995.

  • Place hold
  • Print
  • Cite
  • Add to your cart (remove)
  • Save record
    BIBTEX Dublin Core MARCXML MARC (non-Unicode/MARC-8) MARC (Unicode/UTF-8) MARC (Unicode/UTF-8, Standard) MODS (XML) RIS
  • More searches
    Search for this title in:
    Other Libraries (WorldCat) Other Databases (Google Scholar) Online Stores (Bookfinder.com) Open Library (openlibrary.org)

Exporting to Dublin Core...

SOUTHVILLE LIBRARY

Southville International School and Colleges Library

1281 Tropical Ave. Cor. Luxembourg St., BF Homes International, Las Pinas City

Tel. No. 8256374 / 252358 Loc. 117/146

Powered by Koha